000 00287nam a22001217a 4500
020 _a0816606269
082 _a309.17291 NEL
100 _aNelson, Lowry
245 _acuba the measure of a revolution
260 _aLondon
_bOxford university
_c1972
300 _axiii, 242p.
942 _cBK
999 _c13227
_d13227